La Reforma del estado y el fortalecimiento de la autonomía municipal en Honduras /

En 1984, a raíz de la aprobación del Programa Nacional de Descentralización y Desarrollo Municipal, se redefine el campo de acción del Estado, a cuyo amparo se han aprobado una serie de leyes para fortalecer al régimen municipal. Destaca las dificultades de la reforma y cómo éstas se han enfrentado....

詳細記述

保存先:
書誌詳細
第一著者: Oseguera, Laura
その他の著者: Cruz, Arturo, Díaz, Ingrid, Hernández, Marco
フォーマット: テキスト
主題:
タグ: タグ追加
タグなし, このレコードへの初めてのタグを付けませんか!

MARC

LEADER 00000 a a2200000 04500
001 14113
003
040
100 |a Oseguera, Laura  
245 |a La Reforma del estado y el fortalecimiento de la autonomía municipal en Honduras /  |c Laura Oseguera 
520 |a En 1984, a raíz de la aprobación del Programa Nacional de Descentralización y Desarrollo Municipal, se redefine el campo de acción del Estado, a cuyo amparo se han aprobado una serie de leyes para fortalecer al régimen municipal. Destaca las dificultades de la reforma y cómo éstas se han enfrentado. Analiza globalmente el quehacer de los gobiernos locales, señalando algunos casos innovadores. RCAP  
650 |a ESTADO  
650 |a MODERNIZACION  
650 |a AJUSTE ESTRUCTURAL  
650 |a GOBIERNO LOCAL  
650 |a DESCENTRALIZACION  
650 |a POLITICA GUBERNAMENTAL  
650 |a RECURSOS FINANCIEROS  
650 |a SERVICIOS PUBLICOS  
650 |a PARTICIPACION SOCIAL  
700 |a Cruz, Arturo  
700 |a Díaz, Ingrid  
700 |a Hernández, Marco  
773 |g número 34 -35; páginas 73-103  
999 |c 23463  |d 23463